000 00897cam a2200265 a 4500
001 15353648
005 20260312091933.0
008 080703s2009 maua b 001 0 eng
020 _a9780073382340
_qalk. paper
020 _a0073382345
_qalk. paper
050 0 0 _aHG3881
_b.E655 2009
082 0 0 _a658.15/99
_222
100 1 _aEun, Cheol S.
245 1 0 _aInternational financial management /
_cCheol S. Eun, Bruce G. Resnick.
250 _a5th ed.
260 _aBoston :
_bMcGraw-Hill Irwin,
_cc2009.
300 _axxiii, 533 p. :
_bill. ;
_c29 cm.
650 0 _aInternational finance.
650 0 _aInternational business enterprises
_xFinance.
650 0 _aForeign exchange.
650 0 _aFinancial institutions, International.
700 1 _aResnick, Bruce G.
856 4 1 _3Table of contents only
_uhttp://www.loc.gov/catdir/toc/ecip0822/2008029244.html
942 _2lcc
_cBK
_e5th Ed.
_n0
999 _c8960
_d8960